000 00602nam a2200229Ia 4500
003 OSt
005 20220927113005.0
006 a|||||r|||| 00| 0
007 ta
008 220926b |||||||| |||| 00| 0 eng d
024 _a150140
037 _cReports
040 _aRTL
_cRTL
_beng
041 _2eng
_aeng
082 _a"V2:48.N93t, P0/GD"
111 _aIndia National Commission on Miinorities (1993)
_9384869
245 0 _aAnnual report
260 _c2000
500 _aChairman : Mohd. Sardar Ali Khan
942 _h"V2:48.N93t, P0/GD"
_cCC
999 _c701130
_d701130